| 000 | 01294nac a22003371u 4500 | ||
|---|---|---|---|
| 003 | EG-ScBUE | ||
| 005 | 20220322110256.0 | ||
| 008 | 200219t2006 no a f 000 0 eng d | ||
| 020 | _a8279650814 (pbk. : alk. paper) | ||
| 040 |
_aEG-ScBUE _beng _erda _cEG-ScBUE _dEG-ScBUE |
||
| 082 |
_a839.8226 _222 _bIBS |
||
| 100 |
_a20080729 _934338 |
||
| 245 | 0 | 0 |
_aIbsen's women : _bOslo-Dresden-Stockholm-Rome-Alexandria. |
| 246 | 1 |
_aIbsen's women : _bnina Sundbye's sculptures meet Ibsen's manuscripts |
|
| 264 | 1 |
_aOslo : _bNational Library of Norway, _c[2006] |
|
| 264 | 4 | _cc2006 | |
| 300 |
_a61 pages : _billustrations ; _c22 cm |
||
| 336 |
_2rdacontent _atext _btxt |
||
| 337 |
_2rdamedia _aunmediated _bn |
||
| 338 |
_2rdacarrier _avolume _bnc |
||
| 500 | _a"Excerpts from the writings of Henrik Ibsen are based on The Centenary Edition of Henrik Ibsen's Writings"--T.p. verso. | ||
| 600 | 1 | 7 |
_aIbsen, Henrik, _d1828-1906 _xCharacters _xWomen. _2BUEsh |
| 600 | 1 | 7 |
_aSundbye, Nina, _d1944- _2BUEsh |
| 650 | 7 |
_aSculpture, Norwegian _y20th century _vExhibitions. _2BUEsh |
|
| 650 | 7 |
_aWomen in literature _vExhibitions. _2BUEsh |
|
| 650 | 7 |
_aWomen in art _vExhibitions. _2BUEsh |
|
| 651 | _2BUEsh | ||
| 653 |
_bART _cMarch2022 |
||
| 655 |
_vReading book _934232 |
||
| 942 |
_cBB _2ddc |
||
| 999 |
_c3607 _d3607 |
||